Štruktúra zdrojov financovania malých a stredných podnikov bakalárska práca

Enregistré dans:
Détails bibliographiques
Auteur principal: Gelová, Lucia
Collectivité auteur: Fakulta podnikového manažmentu EU. Katedra podnikových financií
Autres auteurs: Foltínová, Ľubica, 1975-
Format: Livre
Langue:slovaque
Publié: Bratislava 2015
Tags: Ajouter un tag
Pas de tags, Soyez le premier à ajouter un tag!

MARC

LEADER 00000nbm a2200000 4500
001 0202949
005 20161212102351.4
041 0 |a slo 
044 |a SK 
245 1 0 |a Štruktúra zdrojov financovania malých a stredných podnikov  |b bakalárska práca  |c Lucia Gelová ; školiteľ: Ľubica Foltínová 
264 1 |a Bratislava  |c 2015 
300 |a 56 s. 
100 1 |a Gelová, Lucia 
700 1 |a Foltínová, Ľubica, 1975- 
710 2 |a Fakulta podnikového manažmentu EU. Katedra podnikových financií